| 000 | 00388nam a2200157Ia 4500 | ||
|---|---|---|---|
| 005 | 20250526025911.0 | ||
| 008 | 240331s9999 xx 000 0 und d | ||
| 020 | _a9559516507 | ||
| 082 |
_bAMA _a302 |
||
| 100 | _aAmerasena, A.U | ||
| 245 | 0 | _aSinhala sinama wanshaya | |
| 260 |
_aColombo _bSumathi Publishers _c1988 |
||
| 300 | _a192 p ., | ||
| 500 | _aAbout Sinhala Cinema | ||
| 942 | _cL | ||
| 999 |
_c1458 _d1458 |
||